Languages Of the World #6 North America - Statistics

General Stats
  • This quiz has been taken 20 times
  • The average score is 22 of 44
Answer Stats
Country Language % Correct
Canada English
100%
English
100%
Bermuda Islands English
100%
Spanish
94%
Spanish
94%
Spanish
94%
Mexico Spanish
94%
Danish
88%
French
88%
French
88%
Saint Pierre and Miquelon French
88%
Hawaiian
81%
Hawaiian
81%
Italian
75%
Italian
75%
German
69%
Alaska Russian
69%
Arabic
63%
Filipino
63%
Tagalog
63%
Greenland Greenlandic
56%
Mandarin
56%
Vietnamese
56%
Chinese
38%
Chinese
38%
American-English
25%
USA American-English
25%
Hawaii American-English
25%
American-English
25%
Maya
25%
Punjabi
25%
Punjabi
25%
Yiddish
25%
Cantonese
19%
Hawaiian-English
19%
Yup'ik
19%
Alaskan-English
13%
British-English
6%
Haida
6%
Mayan
6%
Tibetan
6%
Deg Xinag
0%
Hän
0%
Tanana
0%
No matching quizzes found
Score Distribution
Percent of People with Each Score
Percentile by Number Answered
Your Score History
You have not taken this quiz